| 000 | 01247nam0a22002651 4500 | ||
|---|---|---|---|
| 001 | rc\715506 | ||
| 005 | 20031121172703.4 | ||
| 010 |
_a5-230-10677-8 _9400 |
||
| 035 | _a(NLR Aleph) 005959006 | ||
| 090 |
_a6832883 _c6832883 |
||
| 100 | _a20031121d1995 u |0rusy50 ca | ||
| 101 | 0 | _arus | |
| 102 | _aRU | ||
| 105 | _aa ||||||||| | ||
| 200 | 1 |
_aВЕЩЕСТВА используемые в холодильной технике _eТекст лекции _e[Для студентов дневного и заоч. фак. спец. 070200] _fК.Д. Добрышин, В.В. Кириллов, А.С. Окунев, В.П. Свердлова _g[Под ред. К.Д. Добрышина, А.С. Окунева] _gГос. ком. Рос. Федерации по высш. образованию, С.-Петерб. гос. акад. холода и пищ. технологий |
|
| 205 | _a[2-е изд., испр. и доп.] | ||
| 210 |
_aСПб. _cСПб ГАХПТ _d1995 |
||
| 215 |
_a55 с. _cил. _d20 |
||
| 320 | _aБиблиогр.: с. 53-54 | ||
| 701 | 1 |
_aДобрышин _bК. Д. _gКонстантин Дмитриевич |
|
| 801 | 0 |
_aRU _bNLR _gpsbo |
|
| 801 | 1 |
_aRU _bELAR _2rusmarc |
|
| 852 |
_aNLR _j97-4/12565 |
||
| 942 | _cBOOK | ||
| 980 | _aNB | ||